Direito e inteligência artificial : (Registro nro. 173327)
[ vista simple ]
| 000 -LEADER | |
|---|---|
| fixed length control field | 01349nam a22003611i 4500 |
| 001 - CONTROL NUMBER | |
| control field | bslw10107665 |
| 003 - CONTROL NUMBER IDENTIFIER | |
| control field | UtOrBLW |
| 006 - FIXED-LENGTH DATA ELEMENTS--ADDITIONAL MATERIAL CHARACTERISTICS--GENERAL INFORMATION | |
| fixed length control field | m o d |
| 007 - PHYSICAL DESCRIPTION FIXED FIELD--GENERAL INFORMATION | |
| fixed length control field | cr un ---uuuua |
| 008 - FIXED-LENGTH DATA ELEMENTS--GENERAL INFORMATION | |
| fixed length control field | 231201s2023 bl a ob 001 0 por d |
| 020 ## - INTERNATIONAL STANDARD BOOK NUMBER | |
| International Standard Book Number | 9786555156249 |
| Qualifying information | (Ebook) |
| 035 ## - | |
| -- | 42588 |
| 040 ## - CATALOGING SOURCE | |
| Original cataloging agency | UtOrBLW |
| Language of cataloging | eng |
| Description conventions | rda |
| Transcribing agency | UtOrBLW |
| 050 #4 - | |
| -- | K564.C6 |
| -- | M33 2023 |
| 082 04 - | |
| -- | 343.0999 |
| -- | 23 |
| 100 1# - MAIN ENTRY--PERSONAL NAME | |
| Personal name | Machado Segundo, Hugo de Brito, |
| Dates associated with a name | 1978- |
| Relator term | author. |
| 245 10 - TITLE STATEMENT | |
| Title | Direito e inteligência artificial : |
| Remainder of title | o que os algoritmos têm a ensinar sobre interpretação, valores e justiça / |
| Statement of responsibility, etc | Hugo de Brito Machado Segundo. |
| 264 #1 - | |
| -- | Indaiatuba, SP : |
| -- | Editora Foco, |
| -- | 2023. |
| 300 ## - PHYSICAL DESCRIPTION | |
| Extent | 1 online resource (xiv, 112 pages) : |
| Other physical details | illustrations |
| 336 ## - | |
| -- | text |
| -- | txt |
| -- | rdacontent |
| 337 ## - | |
| -- | computer |
| -- | c |
| -- | rdamedia |
| 338 ## - | |
| -- | online resource |
| -- | cr |
| -- | rdacarrier |
| 504 ## - BIBLIOGRAPHY, ETC. NOTE | |
| Bibliography, etc | Includes bibliographical references and index. |
| 650 #0 - SUBJECT ADDED ENTRY--TOPICAL TERM | |
| Topical term or geographic name as entry element | Artificial intelligence |
| General subdivision | Law and legislation. |
| 650 #0 - SUBJECT ADDED ENTRY--TOPICAL TERM | |
| Topical term or geographic name as entry element | Artificial intelligence |
| General subdivision | Moral and ethical aspects. |
| 650 #0 - SUBJECT ADDED ENTRY--TOPICAL TERM | |
| Topical term or geographic name as entry element | Technology and law. |
| 856 40 - LOCALIZACIÓN Y ACCESO ELECTRÓNICO | |
| Identificador Uniforme del Recurso (URI/URL) | https://app.vlex.com/#/sources/42588 |
| 912 ## - | |
| -- | 1993 |
| -- | 12/1/2023 |
| -- | 10107665 |
| -- | cha |
| -- | OE |
| -- | 000000-1 |
| -- | 2020 |
| -- | 12/13/2023 |
| -- | 2020 |
| -- | 12/13/2023 |
| -- | 1 |
| 911 ## - | |
| -- | Vlex |
| -- | Original |
| 942 ## - | |
| -- | RAA |
| 972 ## - | |
| -- | QCed by 2020 |
| 999 ## - | |
| -- | 173327 |
| -- | 173327 |
No hay ítems disponibles.